书目信息 |
| 题名: |
医用电子学
|
|
| 作者: | 刘骥 , 陈秀文 主编 | |
| 分册: | ||
| 出版信息: | 北京 人民卫生出版社 1983 |
|
| 页数: | 371页 | |
| 开本: | 25cm | |
| 丛书名: | ||
| 单 册: | ||
| 中图分类: | R312 | |
| 科图分类: | ||
| 主题词: | 医药学:基础科学 , 医学人类学 | |
| 电子资源: | ||
| ISBN: | ||
| 000 | 00684nam0 2200265 45 | |
| 001 | 0183006332 | |
| 005 | 20040520112858.1 | |
| 010 | @dCNY2.50 | |
| 091 | @a14048.4312 | |
| 100 | @a19950628d1983 emky0chiy0121 ea | |
| 101 | 0 | @achi |
| 102 | @aCN@b110000 | |
| 105 | @ay z 000yy | |
| 106 | @ar | |
| 200 | 10 | @a医用电子学@Ayi yong dian zi xue@f刘骥,陈秀文主编 |
| 210 | @a北京@c人民卫生出版社@d1983 | |
| 215 | @a371页@d25cm | |
| 606 | 0 | @a医药学:基础科学 |
| 606 | 0 | @a医学人类学 |
| 690 | @aR312 | |
| 701 | 0 | @a刘骥@Aliu ji@4主编 |
| 701 | 0 | @a陈秀文@Achen xiu wen@4主编 |
| 801 | 0 | @aCN@b上海图书馆@c20040520 |
| 801 | 2 | @aCN@bNLC@c20040520 |
| 905 | @f1@b148974@dR312@e25 | |
| 医用电子学/刘骥,陈秀文主编.-北京:人民卫生出版社,1983 |
| 371页;25cm |
| ISBN :CNY2.50 |
| ● |
| 相关链接 |
|
|
|
|
正题名:医用电子学
索取号:R312/25
 
预约/预借
| 序号 | 登录号 | 条形码 | 馆藏地/架位号 | 状态 | 备注 |
| 1 | 0148974 | 000710127 | 密集书库/ [索取号:R312/25] | 在馆 | |
| 2 | 0148975 | 000710083 | 第二样本阅览室/ [索取号:R312/25] | 在馆 |